00489nam a2200157Ia 450000500170000000800410001702000180005804100080007608200100008410000210009424500190011526000300013430000080016452001480017265000110032020250909110739.0220524s9999 xx 000 0 und d a9789385059261 aeng a746.1 aMahapatra, N. N. aTextile Dyeing bWoodhead Pub.-Delhic2018 a164 a1 Introduction 2 Fibre Dyeing 3 Yarn Dyeing 4 Resist Dyeing 5 Fabric Dyeing 6 Denim Dyeing 7 Continuous Dyeing 8 Garment Dyeing  aDyeing